000 00686nam a2200253Ia 4500
003 OSt
005 20221005070115.0
006 a|||||r|||| 00| 0
007 ta
008 221004b |||||||| |||| 00| 0 eng d
020 _a8170392322
024 _a26148
037 _cTextual
040 _aCRL
_cCRL
_beng
041 _2eng
_aeng
082 _aQ20j6, N9
100 _aAcharya Kala and others
_9605317
245 0 _aDialogue
_b Hindu-Christian cosmology and religion
260 _aMumbai
_bSomaiya Publications
_c1999
300 _a336p.
_ccm.
650 _aRELIGION
942 _hQ20j6, N9
_cTEXL
_2cc
999 _c975690
_d975690